Dôchodková situácia a formovanie spotrebiteľských zvyklostí obyvateľstva Slovenska

Gespeichert in:
Bibliographische Detailangaben
1. Verfasser: Pauhofová, Iveta
Weitere Verfasser: Páleník, Michal
Format: Buch
Sprache:Slowakisch
Veröffentlicht: Bratislava Prognostický ústav SAV 2005
Schriftenreihe:Pracovné materiály č. 4
Schlagworte:
Tags: Tag hinzufügen
Keine Tags, Fügen Sie das erste Tag hinzu!

MARC

LEADER 00000nam$a2200000$$$4500
001 0052978
005 20240223110105.5
022 |a 0862-9137 
041 0 |a slo 
044 |a SK 
245 1 0 |a Dôchodková situácia a formovanie spotrebiteľských zvyklostí obyvateľstva Slovenska  |c Iveta Pauhofová, Michal Páleník 
264 1 |a Bratislava  |b Prognostický ústav SAV  |c 2005 
300 |a 27 s. 
490 1 |a Pracovné materiály  |v č. 4 
830 0 |a Pracovné materiály  |v č. 4 
610 2 0 |a dôchodky 
610 2 0 |a spotrebitelia 
610 2 0 |a správanie spotrebiteľa 
610 2 0 |a obyvateľstvo 
610 2 0 |a príjmy 
610 2 0 |a výdavky 
610 2 0 |a vývoj hospodársky 
610 2 0 |a Slovensko 
610 2 0 |a Európska únia 
100 1 |a Pauhofová, Iveta 
700 1 |a Páleník, Michal